000 00480nam a2200193Ia 4500
003 GCL
008 140319s9999 xx 000 0 eng d
040 _aGCL /
_cGCL
082 0 4 _a515.5
_bB A
100 1 _aRARRY, ROGER G.
245 1 0 _aATMOSPHERE WEATHER & CLIMATE /
_cRARRY, ROGER G.
700 1 _aCHORLEY, RICHARD J.
260 _a[S.N] :
_bROUTLEDGE ،
_c1992
300 _a392 P
650 0 4 _aWEATHER
650 0 4 _aCLIMATE
650 0 4 _aMETEOROLOGY
942 _2ddc
_cBK
999 _c23887
_d23887